[Event "CHI-ch sf"]
[Site "Quilpue"]
[Date "2019.01.17"]
[Round "1"]
[White "Munoz Loyola, Samuel Eduardo"]
[Black "Gasic Merino, Franco Ignacio"]
[Result "0-1"]
[WhiteElo "1723"]
[BlackElo "2166"]
[PlyCount "46"]
[EventDate "2019.01.17"]
[EventType "swiss"]
[EventRounds "8"]
[EventCountry "CHI"]
[SourceTitle "CBM 188 Extra"]
[Source "ChessBase"]
[SourceDate "2019.02.26"]
[SourceVersion "1"]
[SourceVersionDate "2019.02.26"]
[SourceQuality "1"]

1. e4 d5 2. exd5 Nf6 3. d4 Bg4 4. Nf3 Qxd5 5. Be2 Nc6 6. Be3 0-0-0 7. 0-0 Qh5 8. c4 e5 9. d5 e4 10. Qa4 exf3 11. dxc6 fxe2 12. cxb7+ Kxb7 13. Qxa7+ Kc8 14. Qa6+ Kd7 15. Qa4+ c6 16. Re1 Bd6 17. Qa7+ Ke6 18. g3 Bf3 19. Nd2 Bb8 20. Qa3 Rxd2 21. Bxd2 Be5 22. h4 Qg4 23. Kh2 Qxh4+ 0-1